000 00414pab a2200157 454500
008 180718b2013 xxu||||| |||| 00| 0 eng d
100 _aKoo, Young-Mo
245 _aGreenhouse facilities and environmental control in South Korea
260 _c2013
300 _ap.7-27.
362 _aJan-Jun
650 _aEnvironmental regulation
773 _aJournal of Rural Development
908 _aN
909 _a100917
999 _c100916
_d100916